| Tag |
First Indicator |
Second Indicator |
Subfields |
| LEADER |
00000cam a2200000 a 4500 |
| 001 |
in00001452003 |
| 005 |
20151021050520.0 |
| 008 |
910722s1992 nyu j 001 0 eng |
| 010 |
|
|
|a 91073829
|
| 020 |
|
|
|a 1562820915 (trade)
|
| 020 |
|
|
|a 1562820923 (lib. bdg.)
|
| 035 |
|
|
|a (OCoLC)25898845
|
| 035 |
|
|
|9 AJD4034AM
|
| 040 |
|
|
|a DLC
|c DLC
|d TXA
|d UtOrBLW
|
| 049 |
|
|
|a TXAM
|
| 050 |
0 |
0 |
|a ND1380
|b .R6 1992
|
| 082 |
0 |
0 |
|a 758/.3
|2 20
|
| 100 |
1 |
|
|a Roalf, Peggy.
|
| 245 |
1 |
0 |
|a Cats /
|c Peggy Roalf.
|
| 250 |
|
|
|a 1st ed.
|
| 264 |
|
1 |
|a New York, N.Y. :
|b Hyperion Books for Children,
|c [1992]
|
| 264 |
|
4 |
|c ©1992
|
| 300 |
|
|
|a 48 pages ;
|c 29 cm.
|
| 336 |
|
|
|a text
|b txt
|2 rdacontent
|
| 337 |
|
|
|a unmediated
|b n
|2 rdamedia
|
| 338 |
|
|
|a volume
|b nc
|2 rdacarrier
|
| 490 |
1 |
|
|a Looking at paintings
|
| 500 |
|
|
|a "A Jacques Lowe Visual Arts projects book"--Title page verso.
|
| 500 |
|
|
|a Includes index.
|
| 520 |
|
|
|a An exploration of painting through 2000 years of art history, focusing on the portrayal of cats by various artists.
|
| 536 |
|
|
|a Donated by Alma B. and Max Siporin, July 2004.
|
| 650 |
|
0 |
|a Cats in art
|x Juvenile literature.
|
| 650 |
|
0 |
|a Painting, Modern
|y 19th century
|x Juvenile literature.
|
| 650 |
|
0 |
|a Painting, Modern
|y 20th century
|x Juvenile literature.
|
| 650 |
|
1 |
|a Cats in art.
|
| 650 |
|
1 |
|a Painting
|x History.
|
| 650 |
|
1 |
|a Art appreciation.
|
| 800 |
1 |
|
|a Roalf, Peggy.
|t Looking at paintings.
|
| 948 |
|
|
|a c:pk
|
| 999 |
|
|
|a MARS
|
| 999 |
f |
f |
|s 9454a843-a8b4-3069-8e0b-47cad693f5fd
|i 8dbfd0fc-d4b1-3a74-9c56-be841d6eb2c4
|t 0
|
| 952 |
f |
f |
|p ric
|a Texas A&M University
|b Rellis Campus
|c Joint Library Facility
|d Remote Storage
|t 0
|e ND1380 .R6 1992
|h Library of Congress classification
|i unmediated -- volume
|m A14822266920
|
| 998 |
f |
f |
|a ND1380 .R6 1992
|t 0
|l Remote Storage
|